| 000 | 00553nam a2200205 a 4500 | ||
|---|---|---|---|
| 005 | 20140412111334.0 | ||
| 008 | 001113s19uu xx 00 eng d | ||
| 020 | _a0-590-44260-0 | ||
| 050 |
_aTR(PS E _bCl61Ta |
||
| 050 |
_aER _bCl61Ta |
||
| 100 | _aBridwell, Norman | ||
| 245 |
_aClifford takes a trip / _cStory and pictures by Norman Bridwell. |
||
| 260 |
_aNew York : _bScholastic Inc, _c1966. |
||
| 300 | _a{28] p. ; ill. | ||
| 650 | _aDogs--Fiction | ||
| 650 | _aVacation--Fiction | ||
| 999 |
_c104997 _d104997 |
||